1337 1146 1915 1070 1647 1917 1986 1365 1841 1357 1636 1802 1188 1268 1725 1528 1205 1634 1727 1968 1493 1035 1348 1933 1278 1987 1377 1183 1340 1529 1866 1126 1732 1191 1464 1834 1043 1436 1269 1580 1659 1461 1355 1602 1096 1760 1188 1033 1646 1379 1383 1067 1081 1819 1873 1898 1966 1567 1003 1014 1301 1061 1660 1409 1319 1415 1000 1129 1986 1431 1346 1390 1687 1632 1126 1790 1420 1917 1947 1384 1113 1970 1281 1195 1047 1125 1955 1705 1472 1332 1983 1026 1974 1483 1269 1186 1667 1496 1254 BCNSPRNW ULIB Ver.6.0+V

เปลี่ยนเป็นภาษาไทย

Change to English
 แสดงรายละเอียดบรรณานุกรม
  กลับหน้าหลัก

Brief Record : Get Marc (ISO 2709) : E-mail record : QR code < ปิดหน้าต่าง
LEADER : 00000nas 2200000uu 4500
001    13399123094
003     ULIB
008    020711s|||| th a 000 0 tha d
022    08573743
110    สมาคมศิษย์เก่าพยาบาลกระทรวงสาธารณสุข
245    วารสารพยาบาลกระทรวงสาธารณสุข(วิทยาเขตนครสวรรค์)/^cสมาคมศิษย์เก่าพยาบาลกระทรวงสาธารณสุข
260    นนทบุรี :^bสมาคมศิษย์เก่าพยาบาลกระทรวงสาธารณสุข,^cม.ป.ป.
310    ^aรายสี่เดือน
850 ^a ULIB:campus^bปีที่ 23 ฉบับที่ 3
850 ^a ULIB^bปีที่ 25 ฉบับที่ 1 ฉ.1 ;ปีที่ 25 ฉบับที่ 2 ฉ.2 ;ปีที่ 25 ฉบับที่ 2 ฉ.1 ;ปีที่ 25 ฉบับที่ 3 ฉ.1 ;ปีที่ 25 ฉบับที่ 3 ฉ.2
945    ^p0^l0^i800775
945    ^p0^l0^i902988
945    ^p0^l0^i903264
945    ^p0^l0^i903263
945    ^p0^l0^i903547
945    ^p0^l0^i903548
999    ^aทศพร เกษรทอง
รายการนี้ยังไม่มีแท็ก
คุณยังไม่ได้ล็อกอิน คุณสามารถมีกิจกรรมร่วมกับเว็บไซต์ได้ แต่ต้องล็อกอินก่อน ::
  ล็อกอิน

รายการสื่อสารสนเทศ (วารสาร)

ดูแบบ: กล่อง รายการ
ARRIVED
ปีที่ 23 ฉบับที่ 3
สถานที่: ห้องสมุดวิทยาเขตนครสวรรค์ >วารสาร
ARRIVED
ปีที่ 25 ฉบับที่ 1 ฉ.1
สถานที่: ห้องสมุดวิทยาเขตสวรรค์ประชารักษ์ >หนังสือพิมพ์
ARRIVED
ปีที่ 25 ฉบับที่ 2 ฉ.2
สถานที่: ห้องสมุดวิทยาเขตสวรรค์ประชารักษ์ >หนังสือพิมพ์
ARRIVED
ปีที่ 25 ฉบับที่ 3 ฉ.1
สถานที่: ห้องสมุดวิทยาเขตสวรรค์ประชารักษ์ >หนังสือพิมพ์

BibComment


ยังไม่เคยถูกคอมเมนท์

คอมเมนท์ทรัพยากรรายการนี้
  คอมเมนท์: วารสารพยาบาลกระทร..


 Copyright 2026. Bcnsprnw @Library